000
00343nam a22001457a 4500
008
210309b ||||| |||| 00| 0 eng d
020
_a
9780874135664
041
_a
eng
080
_a
7
082
_a
7
100
_a
44
101
_a
ART
245
_a
Revaling Difference:The Fiction of Isabelle de Charriere
_c
Allsion,J.J
942
_2
udc
_c
BK
999
_c
56055
_d
56055